Mirón, mirón, mirón: vamos a jugar (Registro nro. 4728)

Detalles MARC
000 -CABECERA
campo de control de longitud fija 00510aam a2200193 4500
005 - FECHA Y HORA DE ACTUALIZACIÓN
campo de control 20170112154018.0
008 - LONGITUD FIJA
campo de control de longitud fija 150416b xxu||||| |||| 00| 0 spa d
041 ## - IDIOMA
Código de idioma del texto/pista de sonido o título separado
082 ## - CLASIFICACIÓN DECIMAL DEWEY
Número de clasificación 394.3 S222m4
100 ## - AUTOR PERSONAL
Nombre de persona Sandy, Seud
245 ## - TÍTULO PROPIAMENTE DICHO
Título Mirón, mirón, mirón: vamos a jugar
250 ## - EDICIÓN
Mención de edición 4 edición
260 ## - PIE DE IMPRENTA
Lugar de publicación, distribución, etc. Costa Rica
Nombre del editor, distribuidor, etc. O. Sandy P.
Fecha de publicación, distribución, etc. 2009
300 ## - DESCRIPCIÓN FÍSICA
Extensión 76 páginas
650 ## - Materia General
Materia general COSTA RICA
650 ## - Materia General
Materia general JUEGOS TRADICIONALES
650 ## - Materia General
Materia general JUEGOS INFANTILES
942 ## - Punto de Acceso Adicional Koha
Tipo de ítem Koha Libro
Existencias
Estado perdido Estado dañado No para préstamo Biblioteca permanente Biblioteca actual Signatura completa Código de barras Precio efectivo a partir del Tipo de ítem
      Departamento de Biblioteca y Documentación Alfonso Chase Brenes Departamento de Biblioteca y Documentación Alfonso Chase Brenes 394.3 S222m4 13615 12/01/2017 Libro
      Departamento de Biblioteca y Documentación Alfonso Chase Brenes Departamento de Biblioteca y Documentación Alfonso Chase Brenes 394.3 S222m4 14718 12/01/2017 Libro
      Departamento de Biblioteca y Documentación Alfonso Chase Brenes Departamento de Biblioteca y Documentación Alfonso Chase Brenes 394.3 S222m4 15818 12/01/2017 Libro